Village school /
Uloženo v:
| Hlavní autor: | |
|---|---|
| Médium: | Kniha |
| Vydáno: |
singapore,
1955.
|
| Témata: | |
| Tagy: |
Přidat tag
Žádné tagy, Buďte první, kdo otaguje tento záznam!
|
| Thư viện lưu trữ: | Mạng thư viện Đại học Đà Nẵng |
|---|
| LEADER | 00800nam a22002531a 4500 | ||
|---|---|---|---|
| 001 | 000040571 | ||
| 003 | 16866 | ||
| 005 | 20230420093814.0 | ||
| 008 | 160412s1955 000 | ||
| 082 | |a 803 |b MI-J | ||
| 100 | |a Joseph,Michael | ||
| 245 | 0 | |a Village school / |c Michael Joseph. | |
| 260 | |a singapore, |c 1955. | ||
| 300 | |a 238p. ; |c 22cm. | ||
| 653 | |a Village school | ||
| OWN | |a LNN | ||
| AVA | |a UDN50 |b LNN |c English |d 803MI-J |e available |t Error 5001 Not defined in file expand_doc_bib_avail. |f 1 |g 0 |h N |i 0 |j AN | ||
| 999 | |a From the UDN01 | ||
| AVA | |a UDN50 |b LNN |c English |d 803MI-J |e available |t Error 5001 Not defined in file expand_doc_bib_avail. |f 1 |g 0 |h N |i 0 |j AN | ||
| TYP | |a Monograph | ||
| 980 | |a Mạng thư viện Đại học Đà Nẵng | ||